[Event "Lalevitch 2011"]
[Site "CRELEL"]
[Date "2011.10.07"]
[Round "4"]
[White "Houben, Gerard"]
[Black "Market, Guy"]
[Result "1/2-1/2"]
[WhiteElo "1448"]
[BlackElo "1236"]
[PlyCount "61"]
[EventDate "2011.??.??"]

1. c4 d6 2. Nc3 Nf6 3. Nf3 g6 4. d4 Bg7 5. e3 O-O 6. Be2 c5 7. O-O cxd4 8. exd4
Nc6 9. d5 Ne5 10. Nxe5 dxe5 11. Be3 a6 12. a4 Bf5 13. f3 h5 14. Bd3 Bxd3 15.
Qxd3 Qd7 16. Rfd1 Rac8 17. Ne4 Qf5 18. Nc5 Qxd3 19. Rxd3 Nh7 20. Rc1 f6 21. Ne6
Rf7 22. b3 f5 23. Nxg7 Kxg7 24. Bf2 Nf8 25. c5 Rd8 26. Rcd1 g5 27. d6 exd6 28.
cxd6 Rfd7 29. Bb6 Re8 30. Rd5 Kf6 31. Re1 1/2-1/2

[Event "Lalevitch 2011"]
[Site "CRELEL"]
[Date "2011.09.16"]
[Round "2"]
[White "Jortay, Olivier"]
[Black "Moch, Jean"]
[Result "1-0"]
[WhiteElo "1494"]
[BlackElo "1221"]
[PlyCount "121"]
[EventDate "2011.??.??"]

1. d4 d5 2. Nf3 Nc6 3. c4 e6 4. cxd5 exd5 5. Nc3 Nf6 6. Bg5 Be7 7. e3 O-O 8. a3
Bg4 9. h3 Bf5 10. Bd3 Bxd3 11. Qxd3 a6 12. O-O Re8 13. Rac1 h6 14. Bh4 Qd6 15.
Na4 b6 16. Rc2 Nd8 17. Bg3 Qd7 18. Nc3 Ne6 19. Ne5 Qc8 20. Na4 c5 21. Nxb6 Qb7
22. Nxa8 Qxa8 23. dxc5 Nxc5 24. Qe2 Nce4 25. Bh2 Bd6 26. Ng4 Bxh2+ 27. Nxh2 Re5
28. Ng4 Rg5 29. Nxf6+ Nxf6 30. Rfc1 Kh7 31. h4 Rf5 32. g4 Re5 33. Qd3+ g6 34.
h5 Rg5 35. hxg6+ Rxg6 36. Rc6 Kg7 37. f3 Qb8 38. Kf2 Qh2+ 39. Ke1 Qg3+ 40. Kd1
Qxf3+ 41. Qe2 Qg3 42. Kc2 Qe5 43. Rf1 Qe4+ 44. Kb3 d4 45. Qf3 Qxe3+ 46. Qxe3
dxe3 47. Re1 Rxg4 48. Rxe3 Nd5 49. Rh3 Nf6 50. Rxa6 h5 51. a4 Nd5 52. a5 Rb4+
53. Kc2 Rc4+ 54. Kd2 Nb4 55. Rg3+ Kh8 56. Ra8+ Kh7 57. a6 Nc6 58. Rc3 Rd4+ 59.
Ke3 Rd8 60. Rxd8 Nxd8 61. a7 1-0

[Event "Lalevitch 2011"]
[Site "CRELEL"]
[Date "2011.10.07"]
[Round "4"]
[White "Valembois, Pierre"]
[Black "Moch, Jean"]
[Result "0-1"]
[WhiteElo "1150"]
[BlackElo "1221"]
[PlyCount "60"]
[EventDate "2011.??.??"]

1. h3 e5 2. g4 Nc6 3. Bg2 h6 4. d3 Bc5 5. Nf3 d6 6. c4 Nf6 7. Nbd2 Be6 8. b3 d5
9. g5 Nh5 10. gxh6 gxh6 11. Bb2 Nf4 12. Rg1 Rg8 13. Nxe5 Qh4 14. d4 Nxg2+ 15.
Kf1 Bxh3 16. Rh1 Ne3+ 17. Ke1 Nxd1 18. Nxc6 Qxf2+ 19. Kxd1 Bg4 20. dxc5 Qxe2+
21. Kc1 bxc6 22. Bc3 Qe3 23. Re1 Qxe1+ 24. Kc2 Bf5+ 25. Kb2 Qe3 26. cxd5 cxd5
27. Nc4 Qxc5 28. Re1+ Kd8 29. Na5 Rg2+ 30. Ka1 Qxc3# 0-1

[Event "Lalevitch 2011"]
[Site "CRELEL"]
[Date "2011.09.02"]
[Round "1"]
[White "Magis, Pierre"]
[Black "Mols, Mia"]
[Result "1-0"]
[WhiteElo "1636"]
[BlackElo "1150"]
[PlyCount "77"]
[EventDate "2011.??.??"]

1. e4 e5 2. Nf3 Nc6 3. Bc4 Bc5 4. O-O Nf6 5. Re1 O-O 6. c3 d6 7. h3 a6 8. d4
exd4 9. cxd4 Ba7 10. Bg5 h6 11. Bh4 b5 12. Bd5 Bb7 13. e5 dxe5 14. dxe5 Qxd5
15. exf6 Qxd1 16. Rxd1 g6 17. Nc3 Rad8 18. Nd5 Bb8 19. Rac1 Kh7 20. Bg3 Rc8 21.
Ne5 Nxe5 22. Bxe5 Bxd5 23. Rxd5 c6 24. Rdc5 Bxe5 25. Rxe5 Rfd8 26. Re7 Kg8 27.
Rce1 Kf8 28. Ra7 Rd6 29. Rxa6 Rxf6 30. Ra7 Re6 31. Rxe6 fxe6 32. Rh7 Kg8 33.
Re7 Kf8 34. Rxe6 Kf7 35. Rd6 Rc7 36. a3 h5 37. h4 Kg7 38. g3 Kh6 39. Kg2 1-0

[Event "Lalevitch 2011"]
[Site "CRELEL"]
[Date "2011.10.21"]
[Round "6"]
[White "Pirson, Andre"]
[Black "Mols, Mia"]
[Result "0-1"]
[WhiteElo "1271"]
[BlackElo "1150"]
[PlyCount "68"]
[EventDate "2011.??.??"]

1. Nc3 Nf6 2. b3 e5 3. Bb2 Nc6 4. e3 Bb4 5. a3 Bxc3 6. Bxc3 O-O 7. d3 Re8 8.
Nf3 d5 9. g3 a6 10. Bg2 h6 11. O-O Bg4 12. Qe1 e4 13. Nd4 Ne5 14. f3 Nxf3+ 15.
Nxf3 exf3 16. Bxf3 Bh3 17. Bg2 Bxg2 18. Kxg2 Re6 19. Rf4 Qd7 20. Qf2 Qc6 21.
Kg1 Qxc3 22. Rf1 Rae8 23. h3 Rxe3 24. Rf3 Re2 25. Qa7 b6 26. Qxa6 Qxc2 27. R3f2
Rxf2 28. Rxf2 Qd1+ 29. Kg2 Qxb3 30. d4 Ne4 31. Qe2 Qxg3+ 32. Kf1 Qxf2+ 33. Qxf2
Nxf2 34. Kxf2 Re4 0-1

[Event "Lalevitch 2011"]
[Site "CRELEL"]
[Date "2011.09.02"]
[Round "1"]
[White "Arabia, Allan"]
[Black "Monticelli, Romain"]
[Result "0-1"]
[WhiteElo "1354"]
[BlackElo "1761"]
[PlyCount "84"]
[EventDate "2011.??.??"]

1. e4 c5 2. d4 cxd4 3. Bc4 Nc6 4. Nf3 e6 5. Nxd4 Bc5 6. Be3 Qb6 7. Nxc6 bxc6 8.
Bxc5 Qxc5 9. Qd3 Nf6 10. Nc3 d5 11. exd5 cxd5 12. Bb5+ Bd7 13. Bxd7+ Kxd7 14.
Qb5+ Qxb5 15. Nxb5 Rhb8 16. Nc3 Rxb2 17. O-O Rxc2 18. Nb5 a6 19. Na3 Rc3 20.
Nb1 Rc6 21. Nd2 Rc2 22. Nf3 Rb8 23. Ng5 Ke7 24. h3 h6 25. Nf3 Rbb2 26. a4 Ra2
27. Nd4 Rcb2 28. Rac1 Rxa4 29. Rc7+ Kd8 30. Rfc1 Rxd4 31. Rc8+ Ke7 32. R8c7+
Nd7 33. R1c6 Rc4 34. Rxc4 dxc4 35. Rxc4 Ra2 36. Rg4 g6 37. Rh4 h5 38. g4 hxg4
39. Rxg4 a5 40. f4 a4 41. f5 a3 42. f6+ Nxf6 0-1

[Event "Lalevitch 2011"]
[Site "CRELEL"]
[Date "2011.09.30"]
[Round "3"]
[White "Gillain, Christophe"]
[Black "Monticelli, Romain"]
[Result "1-0"]
[WhiteElo "2110"]
[BlackElo "1761"]
[PlyCount "37"]
[EventDate "2011.??.??"]

1. d4 Nf6 2. c4 e6 3. Nc3 Bb4 4. e3 b6 5. Bd3 Bb7 6. Nf3 c5 7. O-O O-O 8. a3
cxd4 9. exd4 Bxc3 10. bxc3 d5 11. cxd5 exd5 12. Re1 Nbd7 13. Bg5 Qc7 14. Rc1
Qd6 15. Ne5 Rfe8 16. Bb5 a6 17. Bxf6 axb5 18. Bxg7 f5 19. Qh5 1-0

[Event "Lalevitch 2011"]
[Site "CRELEL"]
[Date "2011.10.21"]
[Round "6"]
[White "Stefani, Philippe"]
[Black "Monticelli, Romain"]
[Result "0-1"]
[WhiteElo "1613"]
[BlackElo "1761"]
[PlyCount "60"]
[EventDate "2011.??.??"]

1. e4 c5 2. d4 cxd4 3. c3 g6 4. cxd4 Bg7 5. Nf3 Nc6 6. Be2 d6 7. h3 Bd7 8. O-O
Qb6 9. d5 Nd4 10. Nxd4 Qxd4 11. Nc3 Qxd1 12. Rxd1 Rc8 13. Be3 a6 14. Bd4 Bxd4
15. Rxd4 f5 16. f3 Nf6 17. a4 Kf7 18. Rb4 Rb8 19. Ra3 b5 20. axb5 axb5 21. Rab3
Rb6 22. Kf2 Rhb8 23. Ke3 fxe4 24. fxe4 Ne8 25. Nxb5 Kg7 26. Kf4 Nc7 27. Nxc7
Rxb4 28. Ra3 R8b7 29. Ne6+ Bxe6 30. dxe6 d5 0-1

[Event "Lalevitch 2011"]
[Site "CRELEL"]
[Date "2011.10.21"]
[Round "6"]
[White "Champt, Victor"]
[Black "Morgenthal, Renaud"]
[Result "1-0"]
[WhiteElo "1576"]
[BlackElo "1459"]
[PlyCount "104"]
[EventDate "2011.??.??"]

1. e4 e6 2. d3 d5 3. Nd2 c5 4. g3 Nf6 5. Bg2 g6 6. Ne2 Bg7 7. O-O O-O 8. Rb1
Nc6 9. b3 Rb8 10. Bb2 b6 11. f4 Ng4 12. Rf3 dxe4 13. dxe4 Bd4+ 14. Nxd4 Nxd4
15. Rd3 Nf6 16. c3 Ba6 17. Nc4 b5 18. Ne5 b4 19. c4 Bb7 20. Bxd4 cxd4 21. Rxd4
Qa5 22. Qe2 Qc5 23. Qf2 Rbd8 24. Rbd1 Rxd4 25. Qxd4 Qa5 26. Rd2 Qa3 27. Nd7
Nxd7 28. Qxd7 Qc1+ 29. Kf2 Qc3 30. Qd4 Qc1 31. Qb2 Qxb2 32. Rxb2 Rd8 33. e5
Bxg2 34. Kxg2 Kf8 35. Kf2 Ke7 36. Ke2 Rd4 37. Rd2 Re4+ 38. Kf3 Re1 39. Re2 Rc1
40. Rd2 Rc3+ 41. Ke4 Rc1 42. Kd4 Kd7 43. Kc5+ Kc7 44. Kxb4 Kc6 45. a4 Rb1 46.
a5 a6 47. Rd6+ Kb7 48. Rd7+ Kc6 49. Rxf7 h5 50. Rf6 Rb2 51. Rxe6+ Kd7 52. Rxg6
Rxh2 1-0

[Event "Lalevitch 2011"]
[Site "CRELEL"]
[Date "2011.09.02"]
[Round "1"]
[White "Sauvage, Eric"]
[Black "Morgenthal, Renaud"]
[Result "1-0"]
[WhiteElo "2058"]
[BlackElo "1459"]
[PlyCount "67"]
[EventDate "2011.??.??"]

1. e4 e6 2. Nf3 d5 3. e5 c5 4. b4 cxb4 5. a3 Nc6 6. axb4 Bxb4 7. c3 Ba5 8. d4
Nge7 9. Bd3 Qb6 10. O-O Bd7 11. Ba3 a6 12. Ra2 Qc7 13. Bd6 Qd8 14. Qc2 h6 15.
Nbd2 Bc7 16. Rb1 b5 17. Bxc7 Qxc7 18. Bxb5 Nxe5 19. Nxe5 Bxb5 20. Rxb5 O-O 21.
Rc5 Qd6 22. g3 f6 23. Nef3 e5 24. Raa5 Nc6 25. dxe5 fxe5 26. Rxd5 Qe7 27. Rac5
Rac8 28. Qe4 Qf6 29. Qe3 a5 30. Nxe5 a4 31. Nd7 Qxf2+ 32. Qxf2 Rxf2 33. Kxf2 a3
34. Nb3 1-0

[Event "Lalevitch 2011"]
[Site "CRELEL"]
[Date "2011.10.21"]
[Round "6"]
[White "Krzewinski, Fabien"]
[Black "Nauts, Patrick"]
[Result "1-0"]
[WhiteElo "1994"]
[BlackElo "2092"]
[PlyCount "33"]
[EventDate "2011.??.??"]

1. e4 Nf6 2. Nc3 d5 3. e5 Ne4 4. Qf3 Nxc3 5. dxc3 c6 6. Nh3 Qd7 7. Bf4 h6 8.
Qe3 g5 9. Bg3 Bg7 10. O-O-O Qe6 11. c4 dxc4 12. Qd4 Qd5 13. Qc3 Qe4 14. f3 Qg6
15. Bxc4 Bf5 16. Qb3 b5 17. Bxf7+ 1-0

[Event "Lalevitch 2011"]
[Site "CRELEL"]
[Date "2011.09.30"]
[Round "3"]
[White "Renard, Alain"]
[Black "Nauts, Patrick"]
[Result "0-1"]
[WhiteElo "1567"]
[BlackElo "2092"]
[PlyCount "86"]
[EventDate "2011.??.??"]

1. e4 Nf6 2. e5 Nd5 3. d4 d6 4. Nf3 Bg4 5. Be2 e6 6. O-O Be7 7. c4 Nb6 8. b3
O-O 9. Bb2 Nc6 10. Nbd2 Bf5 11. a3 a5 12. h3 dxe5 13. dxe5 Bc5 14. Nh2 Nd4 15.
Rc1 Nxe2+ 16. Qxe2 Bd3 17. Qe1 Bxf1 18. Kxf1 Qd3+ 19. Qe2 Qxe2+ 20. Kxe2 Rfd8
21. Nhf3 Nd7 22. Ne4 Be7 23. Rd1 Nc5 24. Nxc5 Rxd1 25. Kxd1 Bxc5 26. Ke2 Rd8
27. Bc1 f6 28. exf6 gxf6 29. Nd2 Kf7 30. Ne4 Be7 31. f3 h5 32. h4 Rg8 33. Kf2
c6 34. a4 e5 35. Be3 f5 36. Ng5+ Bxg5 37. Bxg5 f4 38. g3 fxg3+ 39. Kxg3 Ke6 40.
Kf2 Rxg5 41. hxg5 Kf5 42. Kg3 Kxg5 43. c5 h4+ 0-1

[Event "Lalevitch 2011"]
[Site "CRELEL"]
[Date "2011.10.07"]
[Round "4"]
[White "Champt, Victor"]
[Black "Neuwels, Jean-Luc"]
[Result "1-0"]
[WhiteElo "1576"]
[BlackElo "1340"]
[PlyCount "92"]
[EventDate "2011.??.??"]

1. e4 c5 2. Nc3 a6 3. g3 d6 4. Bg2 Nc6 5. d3 Nf6 6. Nge2 e6 7. O-O Be7 8. f4 b5
9. a3 Bb7 10. h3 Qc7 11. Be3 Rc8 12. f5 exf5 13. Rxf5 Rd8 14. Rf2 O-O 15. Kh2
Rd7 16. Nf4 Nd8 17. Nfd5 Nxd5 18. Nxd5 Bxd5 19. exd5 f5 20. c4 Bf6 21. Qc2 Bd4
22. Bxd4 cxd4 23. Rf4 g5 24. Rxd4 Qc5 25. Qc3 f4 26. gxf4 Rxf4 27. Rxf4 gxf4
28. Qe1 Rf7 29. Qe2 Qd4 30. Rf1 Nb7 31. Be4 Qe5 32. Bf3 Qe3 33. Qxe3 fxe3 34.
Be2 Nc5 35. Rxf7 Kxf7 36. Kg2 Na4 37. b3 Nc3 38. Kf3 Kf6 39. Kxe3 Nb1 40. a4
bxa4 41. bxa4 Na3 42. d4 Nc2+ 43. Ke4 Ne1 44. c5 Ke7 45. c6 Nc2 46. Bxa6 Nb4
1-0

[Event "Lalevitch 2011"]
[Site "CRELEL"]
[Date "2011.10.21"]
[Round "6"]
[White "Lievens, Robert"]
[Black "Neuwels, Jean-Luc"]
[Result "1-0"]
[WhiteElo "1608"]
[BlackElo "1340"]
[PlyCount "61"]
[EventDate "2011.??.??"]

1. e4 f6 2. Bc4 e6 3. d4 Bb4+ 4. c3 Be7 5. Nd2 d6 6. f4 Bd7 7. Ngf3 b5 8. Bd3
c6 9. Qc2 Na6 10. Nf1 Qc7 11. Be3 Nh6 12. h3 Nf7 13. N1h2 Qb7 14. O-O Nc7 15.
Qf2 a6 16. Qg3 O-O-O 17. b4 g5 18. a4 gxf4 19. Bxf4 Rdg8 20. Qf2 e5 21. Bg3 Rg7
22. axb5 cxb5 23. dxe5 Rhg8 24. exf6 Rxg3 25. Nh4 Bxh3 26. fxe7 Rxg2+ 27. Nxg2
Rxg2+ 28. Qxg2 Bxg2 29. Rxf7 Bxe4 30. e8=Q+ Nxe8 31. Rxb7 1-0

[Event "Lalevitch 2011"]
[Site "CRELEL"]
[Date "2011.11.18"]
[Round "8"]
[White "Cristino, Gregory"]
[Black "Nottet, Tristan"]
[Result "0-1"]
[WhiteElo "1394"]
[BlackElo "1689"]
[PlyCount "36"]
[EventDate "2011.??.??"]

1. e4 d5 2. exd5 Qxd5 3. Nc3 Qa5 4. d4 Nf6 5. Nf3 Bg4 6. Be2 Nc6 7. O-O O-O-O
8. Be3 e5 9. Qd2 exd4 10. Nxd4 Nxd4 11. Bxg4+ Nxg4 12. Bxd4 Bc5 13. Qg5 Rxd4
14. Qxg7 Rhd8 15. h3 Nxf2 16. Rxf2 Rf4 17. Raf1 Bxf2+ 18. Kh2 Bd4 0-1

[Event "Lalevitch 2011"]
[Site "CRELEL"]
[Date "2011.10.07"]
[Round "4"]
[White "Monticelli, Romain"]
[Black "Nottet, Tristan"]
[Result "1/2-1/2"]
[WhiteElo "1761"]
[BlackElo "1689"]
[PlyCount "43"]
[EventDate "2011.??.??"]

1. d4 Nf6 2. c4 g6 3. Nc3 d5 4. Nf3 Bg7 5. e3 O-O 6. Bd3 c5 7. O-O cxd4 8. exd4
Nc6 9. h3 e6 10. Re1 dxc4 11. Bxc4 Na5 12. Bd3 b6 13. Ne4 Bb7 14. Bg5 Bxe4 15.
Bxe4 Rc8 16. b4 Nc6 17. Bxc6 Rxc6 18. Qa4 Qc7 19. Bf4 Qb7 20. b5 Rcc8 21. Rac1
Nd5 22. Bd2 1/2-1/2

[Event "Lalevitch 2011"]
[Site "CRELEL"]
[Date "2011.09.16"]
[Round "2"]
[White "Remont, Leopold"]
[Black "Nottet, Tristan"]
[Result "1-0"]
[WhiteElo "1964"]
[BlackElo "1689"]
[PlyCount "59"]
[EventDate "2011.??.??"]

1. e4 c5 2. Nf3 e6 3. d4 cxd4 4. Nxd4 Nc6 5. Nc3 a6 6. Be2 Qc7 7. O-O Nf6 8.
Nxc6 bxc6 9. f4 Bc5+ 10. Kh1 d5 11. e5 Nd7 12. Bd3 h5 13. Qf3 h4 14. h3 f5 15.
exf6 Nxf6 16. Bg6+ Kd8 17. Bd2 Bd6 18. Ne2 c5 19. c3 Bd7 20. Rae1 Be8 21. Bxe8
Kxe8 22. f5 Ne4 23. Bf4 Bxf4 24. Nxf4 Ng3+ 25. Kg1 Ne4 26. Nxe6 Qa7 27. Ng5 c4+
28. Kh1 Kd7 29. Nxe4 dxe4 30. Qxe4 1-0

[Event "Lalevitch 2011"]
[Site "CRELEL"]
[Date "2011.10.14"]
[Round "5"]
[White "Alessi, David"]
[Black "Pirson, Andre"]
[Result "1-0"]
[WhiteElo "1695"]
[BlackElo "1271"]
[PlyCount "69"]
[EventDate "2011.??.??"]

1. e4 g6 2. d4 d6 3. c4 Bg7 4. Nc3 Nf6 5. f4 O-O 6. Nf3 Nbd7 7. Be2 Qe8 8. O-O
e5 9. dxe5 dxe5 10. f5 Nc5 11. fxg6 fxg6 12. Nd5 Nxd5 13. Qxd5+ Ne6 14. b3 Qf7
15. Ng5 Qe7 16. Rxf8+ Kxf8 17. Nxe6+ Qxe6 18. Qd8+ Qe8 19. Ba3+ Kf7 20. Rf1+
Bf5 21. Rxf5+ gxf5 22. Bh5+ Kg8 23. Qd5+ Kh8 24. Bxe8 Rxe8 25. exf5 c6 26. Qd7
Rg8 27. Qxb7 e4 28. Be7 Bd4+ 29. Kf1 Rg7 30. f6 Rg4 31. Qc8+ Rg8 32. Qd7 e3 33.
Qxd4 e2+ 34. Ke1 Rxg2 35. f7+ 1-0

[Event "Lalevitch 2011"]
[Site "CRELEL"]
[Date "2011.09.02"]
[Round "1"]
[White "Nottet, Tristan"]
[Black "Pirson, Andre"]
[Result "1-0"]
[WhiteElo "1689"]
[BlackElo "1271"]
[PlyCount "42"]
[EventDate "2011.??.??"]

1. e4 d6 2. d4 Nf6 3. Nc3 g6 4. Bg5 Bg7 5. f4 O-O 6. e5 dxe5 7. fxe5 Nh5 8. Be2
Nc6 9. g4 f6 10. Be3 fxe5 11. d5 Nf4 12. Bxf4 Rxf4 13. dxc6 Qxd1+ 14. Rxd1 b6
15. Nd5 Rf7 16. Nxc7 Rb8 17. Bc4 Bxg4 18. Bxf7+ Kxf7 19. Ne2 Rc8 20. Rf1+ Kg8
21. Nd5 Rxc6 1-0

[Event "Lalevitch 2011"]
[Site "CRELEL"]
[Date "2011.09.30"]
[Round "3"]
[White "Cristino, Gregory"]
[Black "Pitz, Luc"]
[Result "1/2-1/2"]
[WhiteElo "1394"]
[BlackElo "1441"]
[PlyCount "61"]
[EventDate "2011.??.??"]

1. e4 c6 2. Nc3 d5 3. Nf3 d4 4. Ne2 d3 5. Ng3 dxc2 6. Qxc2 Nf6 7. Bc4 e6 8. d4
Bb4+ 9. Bd2 Bxd2+ 10. Qxd2 O-O 11. O-O b5 12. Bd3 a5 13. e5 Nd5 14. Ng5 f5 15.
exf6 Nxf6 16. Rfe1 Re8 17. h4 h6 18. Bg6 hxg5 19. Bxe8 gxh4 20. Bxc6 Nxc6 21.
Ne4 Nd5 22. Rac1 Bb7 23. Nc5 Bc8 24. Nxe6 Bxe6 25. Rxe6 Nce7 26. Rce1 Ra7 27.
Qg5 h3 28. gxh3 Kf7 29. Qh5+ Kg8 30. Qg5 Kf7 31. Qh5+ 1/2-1/2

[Event "Lalevitch 2011"]
[Site "CRELEL"]
[Date "2011.11.18"]
[Round "8"]
[White "Depaz, Jean-Marc"]
[Black "Pitz, Luc"]
[Result "1/2-1/2"]
[WhiteElo "1682"]
[BlackElo "1441"]
[PlyCount "74"]
[EventDate "2011.??.??"]

1. e4 c6 2. Nf3 d5 3. Nc3 dxe4 4. Nxe4 Bf5 5. Ng3 Bg6 6. h4 h6 7. Ne5 Qd6 8.
Nxg6 Qxg6 9. d4 Nd7 10. Bd3 Qd6 11. c3 e6 12. Qf3 Ngf6 13. Bf4 Qd5 14. Ne4 Nxe4
15. Bxe4 Qb5 16. O-O-O Nf6 17. h5 Nxe4 18. Qxe4 Qd5 19. Qxd5 exd5 20. Be5 f6
21. Bf4 Kd7 22. Rh3 Bd6 23. Bxd6 Kxd6 24. Rg3 Rhg8 25. f4 Rae8 26. Kd2 Re4 27.
Rf1 Ke6 28. f5+ Kf7 29. Rff3 Rge8 30. Re3 Rxe3 31. Rxe3 Rxe3 32. Kxe3 Ke7 33.
Kd3 Kd6 34. b3 b6 35. a4 a6 36. Ke3 Ke7 37. Kd3 Kd6 1/2-1/2

[Event "Lalevitch 2011"]
[Site "CRELEL"]
[Date "2011.10.14"]
[Round "5"]
[White "Magis, Pierre"]
[Black "Pitz, Luc"]
[Result "1/2-1/2"]
[WhiteElo "1636"]
[BlackElo "1441"]
[PlyCount "54"]
[EventDate "2011.??.??"]

1. e4 c6 2. d4 d5 3. exd5 cxd5 4. Bd3 Nf6 5. Nf3 Bg4 6. h3 Bh5 7. O-O e6 8. Bg5
h6 9. h4 Be7 10. Nbd2 Nc6 11. c3 Nd7 12. Bxe7 Nxe7 13. Qe1 Bg6 14. Bxg6 Nxg6
15. Ne5 Ne7 16. Ndf3 f6 17. Nd3 Kf7 18. Nf4 Nf8 19. Qe2 Qd6 20. Nd3 Re8 21.
Rfe1 b6 22. Qd2 Nc6 23. Qf4 Qxf4 24. Nxf4 Re7 25. Re2 Nd7 26. Rae1 Rhe8 27. Nd3
Nf8 1/2-1/2

[Event "Lalevitch 2011"]
[Site "CRELEL"]
[Date "2011.10.28"]
[Round "7"]
[White "Morgenthal, Renaud"]
[Black "Pitz, Luc"]
[Result "0-1"]
[WhiteElo "1459"]
[BlackElo "1441"]
[PlyCount "106"]
[EventDate "2011.??.??"]

1. e4 c6 2. d4 d5 3. e5 Bf5 4. Bd3 Bxd3 5. Qxd3 e6 6. Ne2 c5 7. c3 c4 8. Qd1
Ne7 9. O-O Nf5 10. b3 b5 11. Nd2 Be7 12. bxc4 bxc4 13. Qa4+ Qd7 14. Qxd7+ Nxd7
15. Rb1 Nb6 16. Nf3 O-O 17. g4 Nh4 18. Nxh4 Bxh4 19. Ba3 Rfb8 20. Bd6 Rb7 21.
a4 Rd7 22. Rb4 Be7 23. Bxe7 Rxe7 24. Rfb1 Rc7 25. a5 Nd7 26. a6 Rcc8 27. Rb7
Rcb8 28. Nc1 Nb6 29. Rxb8+ Rxb8 30. Na2 Nd7 31. Rb7 Rxb7 32. axb7 a5 33. Kf1
Kf8 34. Ke2 Ke8 35. Kd2 Kd8 36. Kc2 Kc7 37. b8=Q+ Nxb8 38. Kb2 Nd7 39. Ka3 Nb6
40. Nc1 Kd7 41. Ne2 Ke7 42. Nf4 f6 43. Nh5 fxe5 44. dxe5 g6 45. Nf6 Nd7 46.
Nxd7 Kxd7 47. Ka4 Kc6 48. Kxa5 Kc5 49. Ka4 d4 50. cxd4+ Kxd4 51. Kb4 Kd3 52. f4
c3 53. Kb3 c2 0-1

[Event "Lalevitch 2011"]
[Site "CRELEL"]
[Date "2011.09.16"]
[Round "2"]
[White "Depaz, Jean-Marc"]
[Black "Poljakovic, Sejfudin"]
[Result "0-1"]
[WhiteElo "1682"]
[BlackElo "1951"]
[PlyCount "46"]
[EventDate "2011.??.??"]

1. e4 c6 2. Nf3 d5 3. Nc3 dxe4 4. Nxe4 Nf6 5. Ng3 h5 6. Bc4 Bg4 7. h3 Bxf3 8.
Qxf3 e6 9. d3 Nbd7 10. Bd2 Nd5 11. Qe2 Bd6 12. Bb3 Qb6 13. Bc3 N5f6 14. Bxe6
Bxg3 15. Bb3+ Kd8 16. Bxf7 Kc7 17. Qd2 Qc5 18. O-O Bd6 19. Rfe1 Raf8 20. Bg6
Qd5 21. a3 Nc5 22. b3 Rh6 23. Bxf6 Rxg6 0-1

[Event "Lalevitch 2011"]
[Site "CRELEL"]
[Date "2011.10.21"]
[Round "6"]
[White "Remont, Leopold"]
[Black "Poljakovic, Sejfudin"]
[Result "1/2-1/2"]
[WhiteElo "1964"]
[BlackElo "1951"]
[PlyCount "39"]
[EventDate "2011.??.??"]

1. e4 c6 2. d4 d5 3. Nc3 dxe4 4. Nxe4 Nf6 5. Nxf6+ gxf6 6. c3 h5 7. Nf3 Bg4 8.
h3 Bxf3 9. Qxf3 Qd5 10. Qxd5 cxd5 11. Bb5+ Nc6 12. O-O a6 13. Ba4 Bh6 14. Be3
h4 15. Bb3 e6 16. Rfe1 Bxe3 17. Rxe3 Kd7 18. Bd1 f5 19. Be2 Kd6 20. Rd1 1/2-1/2

[Event "Lalevitch 2011"]
[Site "CRELEL"]
[Date "2011.10.07"]
[Round "4"]
[White "Szigetvari, Andre"]
[Black "Poljakovic, Sejfudin"]
[Result "0-1"]
[WhiteElo "1672"]
[BlackElo "1951"]
[PlyCount "41"]
[EventDate "2011.??.??"]

1. e4 d6 2. d4 Nf6 3. Nc3 g6 4. f3 Bg7 5. Be3 c6 6. Nge2 Nbd7 7. Qd2 e5 8. g4
b5 9. Bh6 O-O 10. h4 Qc7 11. h5 gxh5 12. Bxg7 Kxg7 13. g5 Ne8 14. Ng3 Nb6 15.
Qh2 Rh8 16. Nxh5+ Kf8 17. Nf6 exd4 18. Ne2 Nc4 19. Nxd4 Qa5+ 20. c3 Nxb2 21.
Qxb2 0-1

[Event "Lalevitch 2011"]
[Site "CRELEL"]
[Date "2011.10.28"]
[Round "7"]
[White "Vagner, Fabian"]
[Black "Remont, Leopold"]
[Result "0-1"]
[WhiteElo "1845"]
[BlackElo "1965"]
[PlyCount "44"]
[EventDate "2011.??.??"]

1. d4 d5 2. Nf3 Nf6 3. Bf4 e6 4. e3 Bd6 5. Be5 O-O 6. Bd3 c5 7. c3 Bxe5 8. Nxe5
cxd4 9. exd4 Nc6 10. f4 Nd7 11. O-O f5 12. Nf3 Nf6 13. Nbd2 Ne4 14. Qe2 Kh8 15.
Rae1 Bd7 16. a3 Qf6 17. Bb5 Qh6 18. Bxc6 Bxc6 19. Ne5 Be8 20. Qd3 Qh4 21. Rf3
Rc8 22. Rh3 Qd8 0-1

[Event "Lalevitch 2011"]
[Site "CRELEL"]
[Date "2011.09.30"]
[Round "3"]
[White "Delcour, Errol"]
[Black "Remont, Leopold"]
[Result "0-1"]
[WhiteElo "1779"]
[BlackElo "1964"]
[PlyCount "104"]
[EventDate "2011.??.??"]

1. e4 e5 2. Nf3 Nc6 3. Bb5 a6 4. Ba4 Nf6 5. O-O Nxe4 6. d4 b5 7. Bb3 d5 8. dxe5
Be6 9. c3 Be7 10. Nbd2 Nc5 11. Bc2 Bg4 12. Re1 Qd7 13. Nb3 Bh5 14. h3 Rd8 15.
Bf4 Ne6 16. Bh2 Ng5 17. e6 fxe6 18. Qb1 Nxf3+ 19. gxf3 g6 20. Re3 O-O 21. Qe1
Bd6 22. Bxd6 cxd6 23. Rxe6 Ne5 24. Rxe5 dxe5 25. Qxe5 Qxh3 26. Nd4 Rf7 27. Re1
Bxf3 28. Nxf3 Qxf3 29. Qg3 Qxg3+ 30. fxg3 Rd6 31. a4 Kg7 32. axb5 axb5 33. Kg2
d4 34. cxd4 Rxd4 35. Re2 Rfd7 36. Kf3 Rd2 37. Ke3 Rxe2+ 38. Kxe2 Rd4 39. Ke3
Rb4 40. b3 Kf6 41. Bd1 Ke5 42. Bc2 Rg4 43. Kf3 Rg5 44. Bd1 Kd4 45. g4 Kc3 46.
Ke4 h5 47. gxh5 gxh5 48. Kf4 Rg4+ 49. Kf5 Rd4 50. Be2 b4 51. Kg5 h4 52. Bf3
Kxb3 0-1

[Event "Lalevitch 2011"]
[Site "CRELEL"]
[Date "2011.10.14"]
[Round "5"]
[White "Nauts, Patrick"]
[Black "Remont, Leopold"]
[Result "1-0"]
[WhiteElo "2092"]
[BlackElo "1964"]
[PlyCount "103"]
[EventDate "2011.??.??"]

1. e4 e5 2. Nf3 Nc6 3. Bb5 a6 4. Ba4 Nf6 5. O-O Nxe4 6. d4 b5 7. Bb3 d5 8. a4
Rb8 9. axb5 axb5 10. dxe5 Be6 11. c3 Be7 12. Nbd2 Nc5 13. Bc2 Bg4 14. h3 Bh5
15. Re1 Qd7 16. Nf1 Bg6 17. Bxg6 hxg6 18. Nd4 Ne6 19. Nxe6 Qxe6 20. Ra6 O-O 21.
Qg4 Qxg4 22. hxg4 Nd8 23. Bd2 Bc5 24. Be3 Bxe3 25. Nxe3 c6 26. Nc2 Re8 27. Kf1
Re7 28. f4 Reb7 29. Kf2 Ne6 30. g3 Nc5 31. Rxc6 Nd3+ 32. Ke2 Nxe1 33. Kxe1 Ra7
34. Kd2 Ra4 35. b4 Kf8 36. Rd6 Ke7 37. Rxd5 Ra7 38. Nd4 Ra2+ 39. Ke3 Rb6 40. g5
Rg2 41. Kf3 Rb2 42. Nxb5 Ra6 43. Rc5 f6 44. Rc7+ Kf8 45. gxf6 gxf6 46. Nd4 fxe5
47. fxe5 Rb1 48. e6 Re1 49. b5 Rd6 50. Rc8+ Kg7 51. Rc6 Rd5 52. b6 1-0

[Event "Lalevitch 2011"]
[Site "CRELEL"]
[Date "2011.09.02"]
[Round "1"]
[White "Terfve, Robert"]
[Black "Remont, Leopold"]
[Result "0-1"]
[WhiteElo "1458"]
[BlackElo "1964"]
[PlyCount "44"]
[EventDate "2011.??.??"]

1. d4 Nf6 2. c4 g6 3. Nc3 d5 4. Bg5 Ne4 5. Nxe4 dxe4 6. Qd2 Bg7 7. Rd1 h6 8.
Bf4 b6 9. f3 Bb7 10. d5 exf3 11. Nxf3 Nd7 12. b4 a5 13. a3 axb4 14. axb4 Ra3
15. Rc1 Nf6 16. Ne5 Qa8 17. Qd4 O-O 18. e4 Qa4 19. b5 g5 20. Bg3 Qb4+ 21. Qd2
Qxd2+ 22. Kxd2 Nxe4+ 0-1

[Event "Lalevitch 2011"]
[Site "CRELEL"]
[Date "2011.10.21"]
[Round "6"]
[White "Arabia, Allan"]
[Black "Renard, Alain"]
[Result "0-1"]
[WhiteElo "1354"]
[BlackElo "1567"]
[PlyCount "58"]
[EventDate "2011.??.??"]

1. e4 e6 2. d4 d5 3. exd5 exd5 4. Nf3 Nf6 5. Bd3 Bg4 6. h3 Bh5 7. Bg5 Be7 8.
Nc3 c6 9. Qe2 Nbd7 10. Bf5 O-O 11. Qd3 Re8 12. O-O Qc7 13. Rfe1 Bd6 14. g4 Bg6
15. Bxg6 hxg6 16. a3 Nh7 17. Bd2 Nhf6 18. Rac1 a6 19. Bg5 Nf8 20. Qd2 Ne4 21.
Nxe4 dxe4 22. Nh4 Ne6 23. Rxe4 Nxg5 24. Rxe8+ Rxe8 25. Qxg5 Bf4 26. Qc5 Bxc1
27. Qc3 Qb6 28. Qc4 Qb5 29. Qc3 Bxb2 0-1